00805nam a22002297a 4500003000400000005001700004008004100021020002200062040003700084050003300121082003800154245012600192260004800318300004000366650003100406650004000437650001000477650001900487650002700506650001200533710003000545OSt20250211075048.0250120t2012 |||||||| w||| 00| | eng d a978-971-011-464-1 cJMCFI - Learning Resource Center aKPM 18 .A2 .S87 2012 Vol.666 aFil./JDLL 349.914 Su959 2012 V666 aSupreme Court reports annotated /ccompiled, annotated and edited by the Editorial Staff of the Central Book Supply, Inc. aManila :bCentral Book Supply, Inc.,c2012. avolume 666, xiv, 832 pages ;c23 cm aLaw reports, digests, etc. aPhilippines. Supreme Court reports. aSCRA. aJurisprudence. aConflict of interests. aAgents. aCentral Book Supply, Inc.